000 00505nam a2200193 a 4500
001 1769935627347
003 YourLibrary
005 20260201143128.0
008 260201s2009##################000#0#eng##
020 _a9789814222938
082 0 4 _a332.02401
_bSIO
100 1 _aSiow, Pearlin,
_eauthor.
245 1 0 _aSleep & Get Rich! :
260 _bArmour Publishing Pte Ltd,
_c2009.
300 _a62 pages
650 0 _aEntrepreneurship.
942 _cENGLISH
040 _aYourLibrary
_beng
_cYourLibrary
999 _c609665
_d609665